<?xml version="1.0" encoding="UTF-8"?>
<record
    xmlns:xsi="http://www.w3.org/2001/XMLSchema-instance"
    xsi:schemaLocation="http://www.loc.gov/MARC21/slim http://www.loc.gov/standards/marcxml/schema/MARC21slim.xsd"
    xmlns="http://www.loc.gov/MARC21/slim">

  <leader>01423cam a2200241 a 4500</leader>
  <controlfield tag="005">20251005085352.0</controlfield>
  <datafield tag="020" ind1=" " ind2=" ">
    <subfield code="a">9780073530260 </subfield>
    <subfield code="c">TZS 10,000/=</subfield>
  </datafield>
  <datafield tag="040" ind1=" " ind2=" ">
    <subfield code="a">MCCL.</subfield>
    <subfield code="b">eng.</subfield>
    <subfield code="e">AACR 2nd. rev.ed.</subfield>
  </datafield>
  <datafield tag="082" ind1="0" ind2="0">
    <subfield code="a">658.3 CAS</subfield>
  </datafield>
  <datafield tag="100" ind1="1" ind2=" ">
    <subfield code="a">Cascio, Wayne F.</subfield>
  </datafield>
  <datafield tag="245" ind1="1" ind2="0">
    <subfield code="a">Managing human resources :</subfield>
    <subfield code="b">productivity, quality of work life, profits /</subfield>
    <subfield code="c">Wayne f. Cascio.</subfield>
  </datafield>
  <datafield tag="250" ind1=" " ind2=" ">
    <subfield code="a">8th ed.</subfield>
  </datafield>
  <datafield tag="260" ind1=" " ind2=" ">
    <subfield code="a">Boston :</subfield>
    <subfield code="b">McGraw-Hill/Irwin,</subfield>
    <subfield code="c">c2010.</subfield>
  </datafield>
  <datafield tag="300" ind1=" " ind2=" ">
    <subfield code="a">xxxi, 719 p. :</subfield>
    <subfield code="b">col. ill.;</subfield>
    <subfield code="c">25 cm.</subfield>
  </datafield>
  <datafield tag="504" ind1=" " ind2=" ">
    <subfield code="a">Includes bibliographical references and indexes.</subfield>
  </datafield>
  <datafield tag="520" ind1=" " ind2=" ">
    <subfield code="a">"The Eighth Edition of Managing Human Resources, by Wayne Cascio, links the relationship between productivity, quality of work life, and profits to various human resource management activities. Understanding this relationship will help strengthen students' perception of human resource management as an important function, which affects individuals, organizations, and society. It is perfect for the general management student whose job inevitably will involve responsibility for managing people, along with capital, material, and information assets. Managing Human Resources is research-based and contains strong links to the applicability of this research to real business situations."--BOOK JACKET
</subfield>
  </datafield>
  <datafield tag="546" ind1=" " ind2=" ">
    <subfield code="a">eng.</subfield>
  </datafield>
  <datafield tag="650" ind1=" " ind2="0">
    <subfield code="a">Personnel management.</subfield>
  </datafield>
  <datafield tag="650" ind1=" " ind2="0">
    <subfield code="a">business.</subfield>
  </datafield>
  <datafield tag="650" ind1=" " ind2="0">
    <subfield code="a">Environment.</subfield>
  </datafield>
  <datafield tag="700" ind1=" " ind2=" ">
    <subfield code="a">Wayne f. Cascio.bu</subfield>
  </datafield>
  <datafield tag="942" ind1=" " ind2=" ">
    <subfield code="c">BK</subfield>
  </datafield>
  <datafield tag="999" ind1=" " ind2=" ">
    <subfield code="c">11828</subfield>
    <subfield code="d">11828</subfield>
  </datafield>
  <datafield tag="952" ind1=" " ind2=" ">
    <subfield code="0">0</subfield>
    <subfield code="1">0</subfield>
    <subfield code="4">0</subfield>
    <subfield code="7">0</subfield>
    <subfield code="a">MU002</subfield>
    <subfield code="b">MU002</subfield>
    <subfield code="d">2012-07-01</subfield>
    <subfield code="e">TBST</subfield>
    <subfield code="l">0</subfield>
    <subfield code="o">658.3 CAS</subfield>
    <subfield code="p">004515</subfield>
    <subfield code="r">2025-10-05 08:55:40</subfield>
    <subfield code="t">1</subfield>
    <subfield code="w">2025-10-05</subfield>
    <subfield code="y">BK</subfield>
  </datafield>
  <datafield tag="952" ind1=" " ind2=" ">
    <subfield code="0">0</subfield>
    <subfield code="1">0</subfield>
    <subfield code="4">0</subfield>
    <subfield code="7">0</subfield>
    <subfield code="a">MU002</subfield>
    <subfield code="b">MU002</subfield>
    <subfield code="d">2012-07-01</subfield>
    <subfield code="e">TBST</subfield>
    <subfield code="l">0</subfield>
    <subfield code="o">658.3 CAS</subfield>
    <subfield code="p">004516</subfield>
    <subfield code="r">2025-10-05 08:55:40</subfield>
    <subfield code="t">2</subfield>
    <subfield code="w">2025-10-05</subfield>
    <subfield code="y">BK</subfield>
  </datafield>
</record>
